Perspectives on Islam and the future of Muslims

Bibliographic Details
Main Author: Mahathir bin Mohamad, Tun , 1925 -
Format: Book
Published: Kuala Lumpur : Institute of Islamic Understanding, Malaysia , 1993
Subjects:

MARC

LEADER 00000cam a2200000 7i4500
001 0000019630
005 20070626.0
020 |a 9839986325 
040 |a INS 
090 0 0 |a BP161.2   |b M34 1993 
100 1 |a Mahathir bin Mohamad, Tun ,   |d 1925 - 
245 1 0 |a Perspectives on Islam and the future of Muslims   |c Tun Dr. Mahathir bin Mohamad 
260 |a Kuala Lumpur :   |b Institute of Islamic Understanding, Malaysia ,   |c 1993 
300 |a 23 p. ;   |c 25 cm. 
500 |a Contains four landmark speeches delivered by Dato Seri Dr. Mahathir Mohamad, Prime Minister of Malaysia 
650 0 0 |a Industrialization   |x Religious aspects   |x Islam 
650 0 0 |a Islamaic ethics 
650 0 0 |a Islam   |y 20th century 
999 |a 0000018811   |b BOOK   |c Open Shelf   |e Default branch